Statistics for Atlético Madrid Players Quiz

Click here to take the quiz!

General Stats

  • This quiz has been taken 93 times
    (27 since last reset)
  • The average score is 18 of 23

Answer Stats

#NationPlayer% Correct
7FranceAntoine Griezmann
93%
20BelgiumAxel Witsel
93%
13SloveniaJan Oblak
93%
6SpainKoke
93%
5ArgentinaRodrigo De Paul
93%
12BrazilSamuel Lino
93%
15MontenegroStefan Savić
93%
10ArgentinaÁngel Correa
86%
2UruguayJosé María Giménez
86%
9NetherlandsMemphis Depay
86%
16ArgentinaNahuel Molina
86%
8SpainSaúl
86%
19SpainÁlvaro Morata
71%
14SpainMarcos Llorente
71%
22SpainMario Hermoso
71%
23MozambiqueReinildo Mandava
71%
11FranceThomas Lemar
71%
18BelgiumArthur Vermeeren
64%
17SpainRodrigo Riquelme
64%
3SpainCésar Azpilicueta
50%
4BrazilGabriel Paulista
50%
1RomaniaHorațiu Moldovan
50%
24SpainPablo Barrios
43%

Score Distribution

Percentile by Number Answered

Percent of People with Each Score

Your Score History

You have not taken this quiz since the last reset